مكتبة جامعة عجلون الوطنية

فهرس بحث المكتبة

Normal view MARC view
  • تأليف Harrington,Helen L/م مشاركMeisels,Samuel/نصرالله،نهيرمنصور مترجم/ الراميني،فواز فتح الله مراجع

Entry Personal Name

Number of records used in: 1

001 - CONTROL NUMBER

  • control field: 21658

003 - CONTROL NUMBER IDENTIFIER

  • control field: JO-AjAnu

005 - DATE AND TIME OF LATEST TRANSACTION

  • control field: 20230606073741.0

008 - FIXED-LENGTH DATA ELEMENTS

  • fixed length control field: 230606|| aca||aabn | a|a d

040 ## - CATALOGING SOURCE

  • Original cataloging agency: JO-AjAnu
  • Transcribing agency: JO-AjAnu

100 ## - HEADING--PERSONAL NAME

  • Personal name: تأليف Harrington,Helen L/م مشاركMeisels,Samuel/نصرالله،نهيرمنصور مترجم/ الراميني،فواز فتح الله مراجع

670 ## - SOURCE DATA FOUND

  • Source citation: Work cat.: (JO-AjAnu)11128: تأليف Harrington,Helen L/م مشاركMeisels,Samuel/نصرالله،نهيرمنصور مترجم/ الراميني،فواز فتح الله مراجع , author, منهجية التفكير لدى المعلم : الملاحظات التقويمية لتحسين التعليم و التعلم=Thinking like a Teacher : Using Observational Assessment to Improve Teaching and Learning